Legislaȯ̂ de aerolevantamento e drones

Detalles Bibliográficos
Autor principal: Fernandes Castilho, Jos ̌Roberto
Formato: eBook
Lenguaje:portugués
Publicado: San Pablo: Pillares, 2019
Materias:
Acceso en línea:Acceso restringido

MARC

LEADER 00000nam a22000007a 4500
005 20190414201559.0
007 cr|||| ||||
008 190414s2019 br |||||s|||| 00||0 por d
020 |a 978-85-8183-116-9 
035 |a 23085 
040 |a vLex 
090 |c 8630  |d 8630 
100 1 |a Fernandes Castilho, Jos ̌Roberto 
245 1 0 |a Legislaȯ̂ de aerolevantamento e drones  |h [Recurso electrn̤ico] /  |c Jos ̌Roberto Fernandes Castilho 
256 |a Servicio en ln̕ea 
260 |a San Pablo:  |b Pillares,  |c 2019 
300 |a 1 recurso electrn̤ico 
506 1 |a Disponible solo en los productos indicados  |d vLex Global  |d vLex Global (Academic Edition, excluding Law Schools)  |d vLex Global (U.S. Academic Edition, Law Schools)  |d vLex Global (U.S. Academic Edition, excluding Law Schools)  |d vLex Global (Academic Edition, Law Schools) 
650 0 4 |a Derecho Pb︢lico y Administrativo  |z Brasil 
740 0 |a vLex Libros (Servicio en ln̕ea) 
856 4 0 |u http://vlex.com/source/legisla-o-aerolevantamento-drones-23085  |z Acceso restringido 
942 |c BOOK 
999 0 |a Public and Administrative Law